000 00879nam a2200265 a 4500
008 951027s1989||||[C 0 slo c
020 _a8022600024
_c66 Kčs.
_q(22000 výtl.)
040 _aSNK
_bslo
_cSNK
_eAACR2
041 1 _aslo
_hslo
044 _axo
_cSK
080 _a914.376(234.373.4):779
080 _a779
080 _a885.4-1
080 _a779
100 1 _aKondrót, Vojtech
_4aut
245 1 0 _aPoézia Tatier
_cVojtech Kondrót, Josef Sekal ; Josef Sekal, František Obešlo
250 _a1., vyd.
260 _aBratislava
_bČSTK-Pressfoto
_c1989
_eMartin
_fTlačiarne SNP
300 _a118 s., 19,09 AH
_bFot.
_c30 cm
500 _aRozlož. ilustr. tit. list. Ilustr. na front. Res. rus., nem., angl., maď., poľ. a franc. Mimo edície.
700 1 _aSekal, Josef
_4aut
700 1 _aSekal, Josef
_4bkd
700 1 _aObešlo, František
_4bkd
958 _aA
999 _c14963
_d14963